<?xml version="1.0" encoding="UTF-8"?>
<marc:record xmlns:marc="http://www.loc.gov/MARC21/slim">
   <marc:leader>00000nam a2200000 a 4500</marc:leader>
   <marc:datafield ind1="1" ind2=" " tag="100">
      <marc:subfield code="a">Karner, Stefan</marc:subfield>
      <marc:subfield code="4">edt</marc:subfield>
      <marc:subfield code="e">Bearbeiter/-in</marc:subfield>
   </marc:datafield>
   <marc:datafield ind1=" " ind2=" " tag="653">
      <marc:subfield code="a">Geschichte 1950-1953</marc:subfield>
   </marc:datafield>
   <marc:datafield ind1=" " ind2=" " tag="653">
      <marc:subfield code="a">Politische Verfolgung</marc:subfield>
   </marc:datafield>
   <marc:datafield ind1=" " ind2=" " tag="653">
      <marc:subfield code="a">Hinrichtung</marc:subfield>
   </marc:datafield>
   <marc:datafield ind1=" " ind2=" " tag="653">
      <marc:subfield code="a">Stalinismus</marc:subfield>
   </marc:datafield>
   <marc:datafield ind1=" " ind2=" " tag="653">
      <marc:subfield code="a">Josef</marc:subfield>
   </marc:datafield>
   <marc:datafield ind1="0" ind2="0" tag="245">
      <marc:subfield code="a">Stalins letzte Opfer</marc:subfield>
   </marc:datafield>
   <marc:datafield ind1="0" ind2="0" tag="245">
      <marc:subfield code="b">verschleppte und erschossene Österreicher in Moskau 1950 - 1953</marc:subfield>
   </marc:datafield>
   <marc:datafield ind1="0" ind2="0" tag="245">
      <marc:subfield code="c">Ludwig-Boltzmann-Institut für Kriegsfolgen-Forschung]. Stefan Karner ; Barbara Stelzl-Marx (Hg.). Unter Mitarb. von Daniela Almer ...</marc:subfield>
   </marc:datafield>
   <marc:datafield ind1=" " ind2="1" tag="264">
      <marc:subfield code="a">Wien</marc:subfield>
      <marc:subfield code="b">Böhlau</marc:subfield>
      <marc:subfield code="c">2009</marc:subfield>
   </marc:datafield>
   <marc:datafield ind1="1" ind2=" " tag="490">
      <marc:subfield code="a">Kriegsfolgen-Forschung</marc:subfield>
      <marc:subfield code="v">Bd. 5</marc:subfield>
   </marc:datafield>
   <marc:datafield ind1="1" ind2=" " tag="520">
      <marc:subfield code="a">Angaben aus der Verlagsmeldung

Stalins letzte Opfer : Verschleppte und erschossene Österreicher in Moskau 1950-1953

Auf dem Donskoe Friedhof in Moskau liegen 104 der letzten Stalin-Opfer, großteils Österreicherinnen und Österreicher. Sie waren noch in den letzten drei Jahren der Stalin-Herrschaft in Moskau erschossen worden. In geheimen Transporten in die Sowjetunion transportiert, hatte man sie für einige Wochen im größten Moskauer Gefängnis, der Butyrka, festgehalten und danach hingerichtet. Das häufigste Todesurteil lautete „antisowjetische Spionage“.
Bisher geheime Strafprozessakte aus dem einstigen KGB-Archiv, Gerichtsbescheide aus dem Staatsarchiv der Russischen Föderation sowie die Gnadengesuche der Hingerichteten ermöglichen erstmals eine Aufarbeitung dieses dunklen Kapitels der Besatzungszeit in Österreich. Das Buch beleuchtet die Biographien dieser späten Stalin-Opfer.
</marc:subfield>
   </marc:datafield>
   <marc:datafield ind1=" " ind2=" " tag="020">
      <marc:subfield code="a">9783205782810</marc:subfield>
      <marc:subfield code="9">9783205782810</marc:subfield>
   </marc:datafield>
   <marc:datafield ind1=" " ind2=" " tag="041">
      <marc:subfield code="a">ger</marc:subfield>
   </marc:datafield>
   <marc:datafield ind1=" " ind2=" " tag="300">
      <marc:subfield code="a">676 S.</marc:subfield>
   </marc:datafield>
</marc:record>
